|
|
|
|
| LEADER |
01071ncm a22002412a 4500 |
| 001 |
000196505 |
| 003 |
CZ BrMZK |
| 005 |
20110112101840.0 |
| 007 |
qu |
| 008 |
960101s1910 xr f lat d |
| 040 |
|
|
|a BOA001
|b cze
|
| 072 |
|
7 |
|a 783
|x Církevní hudba. Duchovní hudba. Náboženská hudba
|2 Konspekt
|9 9
|
| 100 |
1 |
|
|a Harant z Polžic a Bezdružic, Kryštof,
|d 1564-1621
|7 jk01040008
|4 cmp
|
| 245 |
1 |
0 |
|a Missa Quinis Vocibus
|h [hudebnina] :
|b partitura /
|c Kryštof Harant z Polžic a Bezdružic ; manuscriptum invenit at in modernam e mensurali traduxit notationem Zd. Nejedlý ; sigma usum practicum spectantia adiacit J. C. Sychra
|
| 260 |
|
|
|a Pragae :
|b Obecná Jednota Cyrillská,
|c 1910
|
| 300 |
|
|
|a 32 s.
|
| 500 |
|
|
|a Editio "Cyrill", příloha k č. 30, 1910
|
| 700 |
1 |
|
|a Nejedlý, Zdeněk,
|d 1878-1962
|7 jk01082971
|4 edt
|
| 700 |
1 |
|
|a Sychra, Josef Cyrill,
|d 1859-1935
|7 jk01122166
|4 edt
|
| 910 |
|
|
|a BOA001
|b Mus3-0402.232
|
| 990 |
|
|
|a MU
|
| 991 |
|
|
|b 201002
|
| 996 |
6 |
|
|b 2619934398
|c Mus3-0402.232
|l MZK
|r Sklad / do 1 hodiny
|n 8
|w 000196505
|u 000010
|a 1
|e BOA001
|j MZK50
|s P
|